| 000 | 01250nam0a2200337 4500 | ||
|---|---|---|---|
| 001 | RU\NLR\BIBL_A\011372235 | ||
| 005 | 20260406164701.0 | ||
| 010 |
_a9785699947683 _94000 |
||
| 021 |
_aRU _b2017-20500 _91516 |
||
| 035 | _a(RuMoRGB)008834695 | ||
| 035 | _a(NLR Aleph) 011372235 | ||
| 090 |
_a11357933 _c11357933 |
||
| 100 | _a20170420d2017 u y0rusy50 ca | ||
| 101 | 0 | _arus | |
| 102 | _aRU | ||
| 105 | _ay zzzz0|||y | ||
| 200 | 1 |
_aКот недовинченный _eроман _fАнна и Сергей Литвиновы |
|
| 210 |
_aМосква _cЭ _d2017 |
||
| 215 |
_a346, [1] с. _d17 |
||
| 225 | 1 | _aЗнаменитый тандем российского детектива | |
| 320 | _aДр. романы авт. на 1-2-й с. | ||
| 333 | _a16+ | ||
| 686 |
_aШ5(2=Р)64-644.6 _2rubbk |
||
| 686 | 2 | _aШ6(2=Р)75-446 | |
| 700 | 1 |
_7ca _8rus _aЛитвинова _bА. В. _cписатель, автор детективов _f1971- _gАнна Витальевна _9120887 _3RU\NLR\AUTH\7711133 |
|
| 701 | 1 |
_4070 _7ca _8rus _aЛитвинов _bС. В. _f1960- _gСергей Витальевич _9120886 _3RU\NLR\AUTH\7711132 |
|
| 942 | _cBOOK | ||
| 980 | _aNBR | ||